000 00380cam a22001457a 4500
008 180718b2004 xxu||||| |||| 00| 0 eng d
020 _a0670057789
082 _aA3 Si64p
100 _aSingh, Khuswant
245 _aParadise and other stories
_cby Khushwant Singh
260 _aNew Delhi
_bViking
_c2004
300 _a239p.
650 _a(Written off)
650 _aEnglish fiction
999 _c403011
_d403011